English for International Tourism Upper Intermediate

Uloženo v:
Podrobná bibliografie
Médium: Kniha
Vydáno: Longman 2013
Tagy: Přidat tag
Žádné tagy, Buďte první, kdo otaguje tento záznam!
Thư viện lưu trữ: Mạng thư viện Đại học Đà Nẵng
LEADER 00442nam a22001691a 4500
001 000035964
003 12256
005 20160321134753.0
008 160321s2013 000
245 |a English for International Tourism Upper Intermediate  |c Peter Strutt 
260 |a Longman  |c 2013 
OWN |a LNN 
999 |a From the UDN01 
TYP |a Monograph 
980 |a Mạng thư viện Đại học Đà Nẵng